| 000 | 00323nam a2200121Ia 4500 | ||
|---|---|---|---|
| 008 | 190216s9999||||xx |||||||||||||| ||und|| | ||
| 100 | _aTaxali R K | ||
| 245 | 0 | _aPc Software For Windows 98 Made Simple | |
| 260 |
_bTata Mcgraw Hill Publishing Company Ltd _c2001 |
||
| 300 | _a735p | ||
| 650 | _aComputer Science | ||
| 942 | _cBK | ||
| 999 |
_c8704 _d8704 |
||